header

Instant MapReduce patterns - Hadoop essentials how-to (Record no. 16613)

MARC details
000 -LEADER
fixed length control field 01371nam a2200325 a 4500
100 1# - MAIN ENTRY--AUTHOR NAME
Personal name Perera, Srinath.
245 10 - TITLE STATEMENT
Title Instant MapReduce patterns - Hadoop essentials how-to
260 ## - PUBLICATION, DISTRIBUTION, ETC. (IMPRINT)
Place of publication Birmingham :
Name of publisher Packt Pub.,
Year of publication 2013.
300 ## - PHYSICAL DESCRIPTION
Number of Pages 47 p. :
Other physical details ill.
500 ## - GENERAL NOTE
General note "Instant, short, fast, focused"--Cover.
650 #0 - SUBJECT ADDED ENTRY--TOPICAL TERM
Topical Term Electronic data processing
Topical Term Cluster analysis
Topical Term Software patterns.
856 40 - ELECTRONIC LOCATION AND ACCESS
Uniform Resource Identifier http://site.ebrary.com/lib/rucke/Doc?id=10714617

No items available.

© 2026 Rongo University
Contact us: librarian | system librarian | Rongo university